000 00629nam a2200205Ia 4500
008 191130s2003##################000#0#eng##
020 _a1405101806 (alk. paper)
022 _a2002038285
040 _aACL
_cACL
082 _aBP603 .C86 2003 291
245 _aCults and new religious movements : a reader
_cedited by Lorne L. Dawson
260 _aMalden, MA
_bBlackwell Publishing
_cc2003
300 _aviii, 297 p. ; 25 cm
500 _aIncludes bibliographical references and index
650 _aCults
700 _aDawson, Lorne L
990 _a189668a4ac10000c3afce956b5ca1d9a
991 _a78451
999 _c142755
_d142755